000 01017nam a22002897a 4500
003 OSt
005 20220428040128.0
008 160503b xxu||||| |||| 00| 0 eng d
010 _a 95025685
020 _a0838578926 (case : alk. paper)
040 _aMMU
_cMMU
_dMMU
_beng
050 0 0 _aRM263
_b.P56 1997
060 1 0 _aWB 330 P5357 1996
082 0 0 _a615.5/8
_220
245 0 0 _aPharmacotherapy :
_ba pathophysiologic approach /
_ceditors, Joseph DiPiro ... [et al.].
250 _a3rd ed.
260 _aStanford, Conn. :
_bAppleton & Lange,
_cc1997.
300 _axxvi, 2885 p. :
_bill. (some col.) ;
_c29 cm.
504 _aIncludes bibliographical references and index.
650 0 _aChemotherapy.
650 0 _aPhysiology, Pathological.
650 1 2 _aDrug Therapy.
700 1 _aDiPiro, Joseph T.
906 _a7
_bcbc
_corignew
_d1
_eocip
_f19
_gy-gencatlg
942 _2lcc
_cLOAN LOAN
_e3rd ed.
999 _c17139
_d17139